| 000 | 01073 a2200193 4500 | ||
|---|---|---|---|
| 001 | 27180 | ||
| 005 | 20260407155548.0 | ||
| 008 | 260407a1974 arg spa d | ||
| 003 | AR-UNSa-BCEJYS | ||
| 040 |
_aAR-UNSa-BCEJYS _bspa _cAR-UNSa-BCEJYS |
||
| 080 |
_a347.736 _xQuiebra. Insolvencia. Suspensión de pagos. Bancarrota, procedimientos. Derecho Concursal |
||
| 245 | 1 | 0 | _aLa sindicatura en la ley de concursos |
| 264 | 1 |
_aBuenos Aires : _bAbeledo Perrot _c1974 |
|
| 300 |
_a133 p. _c23 cm. |
||
| 505 | _a1. Órgano del concurso en general - 2. Naturaleza jurídica de la sindicatura - 3. El síndico en el concurso, confrontación.Afinidad y diferenciación - 4. Designación del síndico - 5. Formas de cumplir la función - 6. Funciones - 7. Actuación general del síndico. Los coadministradores y controladores. Los empleados - 8. Responsabilidad - 9. Remoció o cese - 10. Conforntación legal actual y precedente - 11. Síntesis crítica de la jurisprudencia. | ||
| 942 | _cBK | ||
| 590 | _aniveau_biblio:m niveau_hierar:0 | ||
| 100 | 1 | _aEtcheverry, Raúl Aníbal | |
| 999 |
_c1559 _d1559 |
||